000 01035nam a22002417a 4500
003 PE SENCICO BE
005 20251020182642.0
008 230922b |||||||| |||| 00| 0 eng d
040 _aPE SENCICO BE
_cPE SENCICO BE
041 _aspa
084 _aI
_aEDI
_a2014
_bH83
100 1 _91607
_aHuamanchaqui Ilizarbe, Brian Stefano
_eautor
245 1 _aProcesos de reciclaje y la utilización de polímeros en la construcción /
_cBrian Stefano Huamanchaqui Ilizarbe
260 _aLima :
_c2014
300 _a15 hojas :
_bilustraciones a color, tablas ;
_c30 cm.
502 _aMonografía de Titulación.-- Servicio Nacional de Capacitación para la Industria de la Construcción. Escuela Superior Técnica. Carrera Profesional Técnica en Edificaciones, 2014
650 1 0 _9629
_aReciclaje
650 2 0 _91608
_aPolímeros
650 2 0 _9492
_aProceso constructivo
710 1 _aServicio Nacional de Capacitación para la Industria de la Construcción.
_bEscuela Superior Técnica
_91065
910 _bhfp
_chfp
942 _cMON
_2ddc
999 _c4334
_d4334